|
|
|
|
| LEADER |
01411cam a2200349 i 4500 |
| 001 |
17563 |
| 003 |
BD-DhAAL |
| 005 |
20140610101329.0 |
| 008 |
140610r19801979nyu b 001 0 eng |
| 010 |
|
|
|a 79022485
|
| 020 |
|
|
|a 0394742281
|
| 040 |
|
|
|a DLC
|c DLC
|d DLC
|d BD-DhAAL
|
| 041 |
|
|
|a eng
|
| 043 |
|
|
|a n-us---
|
| 050 |
1 |
0 |
|a HQ1426
|b .E9 1980
|
| 082 |
0 |
0 |
|a 301.41/2/0973
|
| 100 |
1 |
|
|a Evans, Sara M.
|q (Sara Margaret),
|d 1943-
|9 4794
|
| 245 |
1 |
0 |
|a Personal politics :
|b the roots of women's liberation in the civil rights movement and the new left /
|c by Sara Evans.
|
| 260 |
|
|
|a New York :
|b Vintage Books,
|c 1980, c1979.
|
| 300 |
|
|
|a 274 p. ;
|c 21 cm.
|
| 500 |
|
|
|a Reprint of the 1979 ed. published by Knopf, New York.
|
| 500 |
|
|
|a Includes index.
|
| 504 |
|
|
|a Bibliography: p. [257]-268.
|
| 541 |
|
|
|e 17563
|
| 650 |
|
0 |
|a Women
|z United States
|x Social conditions.
|9 4795
|
| 650 |
|
0 |
|a Radicalism
|z United States.
|9 4796
|
| 650 |
|
0 |
|a Feminism
|z United States.
|9 4797
|
| 650 |
|
0 |
|a Civil rights movements
|z United States.
|9 4798
|
| 856 |
4 |
2 |
|3 Publisher description
|u http://www.loc.gov/catdir/description/random046/79022485.html
|
| 942 |
|
|
|2 ddc
|c BK
|
| 999 |
|
|
|c 14404
|d 14404
|
| 952 |
|
|
|0 0
|1 0
|2 ddc
|4 0
|6 301_412097300000000_EVA
|7 0
|9 24404
|a BRACUL
|b BRACUL
|c GEN
|d 2014-06-10
|l 1
|m 3
|o 301.4120973 EVA
|p 3010017563
|r 2026-05-14
|s 2026-05-06
|t 1
|w 2014-06-10
|y BK
|x Transferred from ENH to Ayesha Abed library on 20/12/2023
|